Tous les joueurs ayant gagné Wimbledon Junior - Statistiques

Statistiques générales
  • Ce quiz a été pris 31 fois
  • Le résultat moyen est 4 sur 73
Statistiques - réponses
Année Gagnant % Correct
1998 Roger Federer
90%
1972 Björn Borg
55%
2004 Gaël Monfils
38%
1983 Stefan Edberg
34%
1978 Ivan Lendl
31%
2016 Denis Shapovalov
14%
2008 Grigor Dimitrov
14%
2000 Nicolas Mahut
10%
1982 Pat Cash
10%
2017 Alejandro Davidovich Fokina
3%
2009 Andrey Kuznetsov
3%
2007 Donald Young
3%
2012 Filip Peliwo
3%
2003 Florin Mergea
3%
2013 Gianluigi Quinzi
3%
2005 Jérémy Chardy
3%
2011 Luke Saville
3%
2010 Márton Fucsovics
3%
1988 Nicolás Pereira
3%
2014 Noah Rubin
3%
1995 Olivier Mutis
3%
2015 Reilly Opelka
3%
2001 Roman Valent
3%
2019 Shintaro Mochizuki
3%
2006 Thiemo de Bakker
3%
2002 Todd Reid
3%
2018 Tseng Chun-hsin
3%
1953 Billy Knight
0%
1973 Billy Martin
0%
1974 Billy Martin
0%
1952 Bobby Wilson
0%
1958 Butch Buchholz
0%
1969 Byron Bertram
0%
1970 Byron Bertram
0%
1975 Chris Lewis
0%
1961 Clark Graebner
0%
1992 David Škoch
0%
1987 Diego Nargiso
0%
1986 Eduardo Vélez
0%
1976 Heinz Günthardt
0%
1964 Ismail El Shafei
0%
1957 Jimmy Tattersall
0%
1951 Johann Kupferburger
0%
1968 John Alexander
0%
1950 John Horn
0%
1999 Jürgen Melzer
0%
1947 Kurt Nielsen
0%
1990 Leander Paes
0%
1985 Leonardo Lavalle
0%
1967 Manuel Orantes
0%
1984 Mark Kratzmann
0%
1981 Matt Anger
0%
1955 Mike Hann
0%
1963 Nicholas Kalogeropoulos
0%
1989 Nicklas Kulti
0%
1954 Ramanathan Krishnan
0%
1979 Ramesh Krishnan
0%
1993 Răzvan Sabău
0%
1971 Robert Kreiss
0%
1960 Rodney Mandelstam
0%
1956 Ronald Holmberg
0%
1994 Scott Humphries
0%
1948 Staffan Stockenberg
0%
1949 Staffan Stockenberg
0%
1962 Stanley Matthews
0%
1980 Thierry Tulasne
0%
1991 Thomas Enqvist
0%
1959 Toomas Leius
0%
1977 Van Winitsky
0%
1965 Vladimir Korotkov
0%
1966 Vladimir Korotkov
0%
1996 Vladimir Voltchkov
0%
1997 Wesley Whitehouse
0%
Aucun quiz correspondant
Distribution des résultats
% des personnes avec chaque résultat
Percentile par nombre de réponses
Votre historique - résultats
Vous n’avez pas pris ce quiz